01077nam a2200325Ia 450000500170000000800390001702000180005610000310007424500510010525000190015630000550017549000160023050000250024650400270027152100290029865000410032765000420036865000380041065000330044865000340048174000460051594200150056126400260057633600270060233700330062933800280066204000350069008400110072599900150073620220317001017.0160825s2009 ck g 000 0 spa a97895804180121 aArturo, Aureliod1906-197410aMorada al surb y otros poemascAurelio Arturo a1a. edición  a86, 98 páginas (En paginación variada)c18 cm  aCara y cruz aIncluye cronología aIncluye bibliografía aRecomendado para adultos142LEMBaPoesía colombiana ySiglo XX142LEMBaLiteratura colombianaySiglo XX142LEMBaNaturaleza en la literatura142LEMBaNoche en la literatura142LEMB aAmor en la literatura  aA propósito de Aurelio Arturo y su obra 2loccBKLIT aBogotábNormac2009 atextobtxt2rdacontent asin mediaciónbn2rdamedia avolumenbnc2rdacarrier aCO-BoRNBPbspaerdacCO-BoRNBP aP ART1 c5661d5661